| 000 | 00671nam a2200205 4500 | ||
|---|---|---|---|
| 003 | OSt | ||
| 005 | 20240621060345.0 | ||
| 006 | a | ||
| 008 | 240621b |||||||| |||| 00| 0 eng d | ||
| 020 | _a9781582557335 | ||
| 040 |
_aDWCL-HMN lib. _cOC |
||
| 082 | _aCirc. 610.075 R163s 2011 | ||
| 100 | _aRalph, Shiela Sparks | ||
| 245 | _aSparks and Taylor’s nursing diagnosis pocket guide / | ||
| 260 |
_aPhiladelphia : _bWolters Kluwer, Lippincott Williams & Wilkins, _cc2011. |
||
| 300 |
_axix, _b488 p. ; _c18 cm. |
||
| 504 | _aIncludes bibliographical references & index. | ||
| 650 | _a1. Nursing diagnosis-Handbooks, manuals, etc. | ||
| 942 |
_2ddc _n0 _cBK-CIRC _kCirc. |
||
| 999 |
_c1068 _d1068 |
||